Sistemas políticos africanos /

Este libro es un estudio clásico de ocho sociedades representativas de los tipos más comunes de sistemas políticos africanos. Los ensayos preparados por antropólogos sociales condensan investigaciones muy detalladas emprendidas con los métodos más modernos de trabajo de campo de su época. Frente a l...

Full description

Bibliographic Details
Other Authors: Fortes, Meyer (ed.), Evans-Pritchard, E. E. (Edward Evan), 1902-1973 (ed.)
Format: Libro
Language:Spanish
Published: México UNAM 2010
Subjects:
Online Access:

MARC

LEADER 00000cam a2200000 a 4500
001 007403
003 UAHC_CL
005 20170803120339.0
008 130610s2010 mx 000 spa
020 |a 9786074861068 
040 |a UAHC_CL  |c UAHC_CL  |d UAHC_CL 
082 0 4 |a 320.96  |b S623  |2 20 
245 1 0 |a Sistemas políticos africanos /  |c editores Meyer Fortes y E.E. Evans-Pritchard. 
260 |b UNAM  |a México  |c 2010 
300 |a 456 p. 
520 |a Este libro es un estudio clásico de ocho sociedades representativas de los tipos más comunes de sistemas políticos africanos. Los ensayos preparados por antropólogos sociales condensan investigaciones muy detalladas emprendidas con los métodos más modernos de trabajo de campo de su época. Frente a la política colonial del gobierno indirecto impuesto por las metrópolis, los antropólogos de la escuela británica subrayan los principios, costumbres e instituciones que rigen a dichas sociedades africanas. 
650 4 |a Antropología política  |z Africa 
650 4 |a Tribus y sistema tribal 
650 4 |a Sociedad primitiva 
651 4 |a Africa  |x Razas Nativas 
653 |a ANTROPOLOGIA 
700 1 |a Fortes, Meyer  |e ed. 
700 1 |a Evans-Pritchard, E. E.  |q (Edward Evan),  |d 1902-1973  |e ed. 
900 |a 320.96 SIS 
942 |c BK 
952 |0 0  |1 0  |4 0  |6 320_960000000000000_SIS  |7 0  |8 General  |9 16057  |a BR  |b BR  |c General  |d 2017-08-03  |l 5  |m 4  |o 320.96 SIS  |p 1407440  |r 2026-01-14 00:00:00  |s 2025-04-07  |t 1  |w 2017-08-03  |y BK 
999 |c 7403  |d 7403